00460nam a22001337a 450000500170000000800410001702000180005804000090007610000210008524500970010626000650020330000180026860000400028620240219155158.0240219b ||||| |||| 00| 0 eng d a9788411730440 aCDMR aRoig, Pep Antoni aL'Aire de les coses b: l'Espinàs que va néixer el dia que va morir c/ Pep Antoni Roig  aBarcelona b: Ara Llibres : Generalitat de Catalunyac, 2024 a206 pàgines10aEspinàs, Josep Mariad(1927-2023)